Provincias de España Quiz Stats

 Plays Quiz not verified by Sporcle

Challenge
Share
Tweet
img src="http://i55.tinypic.com/2ajxvd0.jpg">
Score 0/50 Timer 05:00
1 Play Today
% Correct
Barcelona
95.6%
Madrid
94.1%
Valencia
92.6%
Sevilla
90.8%
Asturias
88.7%
Murcia
88.5%
Tarragona
86.9%
Zaragoza
86.2%
Lugo
85.9%
Alicante
85.4%
Pontevedra
85.4%
Cadiz
84.9%
Leon
84.9%
Badajoz
84.4%
Gerona
83.6%
Cantabria
83.3%
Granada
82.8%
Malaga
82.8%
Huelva
80.8%
Caceres
80%
Toledo
80%
Castellon
79.7%
Cordoba
79.7%
Almeria
79%
La Coruña
78.7%
% Correct
Orense
78.7%
Lerida
78.5%
Jaen
78.2%
Salamanca
78.2%
Albacete
77.7%
La Rioja
77.7%
Alava
77.4%
Huesca
77.4%
Navarra
76.2%
Burgos
75.9%
Teruel
75.6%
Ciudad Real
75.1%
Valladolid
73.1%
Palencia
70.5%
Soria
69%
Segovia
68.2%
Cuenca
67.9%
Avila
67.4%
Las Palmas
67.2%
Zamora
66.9%
Guipuzcoa
66.7%
Vizcaya
65.9%
Islas Baleares
64.9%
Guadalajara
63.3%
Santa cruz de Tenerife
56.2%

You're not logged in!

Compare scores with friends on all Sporcle quizzes.
Join for Free
OR
Log In

You Might Also Like...

Show Comments

Extras

Created Jul 9, 2011ReportNominate
Tags:provincial, Spain

Top Quizzes Today


Score Distribution

Your Account Isn't Verified!

In order to create a playlist on Sporcle, you need to verify the email address you used during registration. Go to your Sporcle Settings to finish the process.

Report this User

Report this user for behavior that violates our Community Guidelines.

Details: